000 03300cam a22006377a 4500
003 CHAP
005 20220329134740.0
008 971013s1971 r 00010 d
010 _a25243
011 _a26215
035 _a30315
040 _cCHAP
082 _a631.0913
_bI58
110 _aInstituto Internacional de Agricultura Tropical
_959226
245 0 _aAnnual report
260 _aIbadan, Nigeria :
_bThe Institute,
_c197 -19
300 _av.
_b: ilus
500 _aLa biblioteca tiene: 1975, 1976, 1977, 1978, 1979, 1980, 1981, 1982, 1984, 1985, 1986, 1987-88, 1988-89, 1989-90, 1991, 1992, 1994, 1995
500 _aTítulo varía: Annual report and research highlights
590 _aBATCH-UPD
_b10
_c20130110
_lUCH01
_h0027
590 _aBATCH-UPD
_b10
_c20130110
_lUCH01
_h1035
590 _aBATCH-UPD
_b10
_c20130409
_lUCH01
_h2008
590 _aBATCH-UPD
_b10
_c20130410
_lUCH01
_h0637
590 _aBATCH-UPD
_b10
_c20130913
_lUCH01
_h2109
590 _aCONVERSION
_b10
_c20130109
_lUCH01
_h1315
650 1 4 _aAgricultura
_xInvestigación
_xTrópicos.
_91686
650 1 4 _aAgricultura
_xTrópicos.
_91888
650 1 4 _aCultivos tropicales.
_930383
901 _aBK
911 _a45
942 _cLIBRO
949 _a631.0913 I58
_bBC
_cLIBRO
_d-70296
_eLIBRO
_f1990
_h80093
_i30315
_mD
_si
949 _a631.0913 I58
_bBC
_cLIBRO
_d33724000052353
_eLIBRO
_f1987-88
_h74342
_i30315
_si
949 _a631.0913 I58
_bBC
_cLIBRO
_d33724000052361
_eLIBRO
_f1986
_h72123
_i30315
_mD
_si
949 _a631.0913 I58
_bBC
_cLIBRO
_d33724000052528
_eLIBRO
_f1975
_h43535
_i30315
_si
949 _a631.0913 I58
_bBC
_cLIBRO
_d33724000052536
_eLIBRO
_f1976
_h19764
_i30315
_si
949 _a631.0913 I58
_bBC
_cLIBRO
_d33724000052544
_eLIBRO
_f1977
_h59968
_i30315
_si
949 _a631.0913 I58
_bBC
_cLIBRO
_d33724000052551
_eLIBRO
_f1978 c.2
_h56241
_i30315
_si
949 _a631.0913 I58
_bBC
_cLIBRO
_d33724000052577
_eLIBRO
_f1979
_h52611
_i30315
_si
949 _a631.0913 I58
_bBC
_cLIBRO
_d33724000052585
_eLIBRO
_f1978
_h52930
_i30315
_si
949 _a631.0913 I58
_bBC
_cLIBRO
_d33724000052593
_eLIBRO
_f1979 c.2
_h53628
_i30315
_si
949 _a631.0913 I58
_bBC
_cLIBRO
_d33724000052601
_eLIBRO
_f1979 c.3
_h53629
_i30315
_si
949 _a631.0913 I58
_bBC
_cLIBRO
_d33724000052619
_eLIBRO
_f1981
_h59939
_i30315
_si
949 _a631.0913 I58
_bBC
_cLIBRO
_d33724000052627
_eLIBRO
_f1980
_h56879
_i30315
_si
949 _a631.0913 I58
_bBC
_cLIBRO
_d33724000052635
_eLIBRO
_f1980 c.2
_h60650
_i30315
_si
949 _a631.0913 I58
_bBC
_cLIBRO
_d33724000052643
_eLIBRO
_f1982
_h66281
_i30315
_si
949 _a631.0913 I58
_bBC
_cLIBRO
_d33724000052650
_eLIBRO
_f1988-89
_h79952
_i30315
_si
949 _a631.0913 I58
_bBC
_cLIBRO
_d33724000052668
_eLIBRO
_f1984
_h69473
_i30315
_si
949 _a631.0913 I58
_bBC
_cLIBRO
_d33724000052676
_eLIBRO
_f1985
_h71310
_i30315
_si
949 _a631.0913 I58
_bBC
_cLIBRO
_d33724000052684
_eLIBRO
_f1989-90
_h79953
_i30315
_si
949 _a631.0913 I58
_bBC
_cLIBRO
_d33724000052783
_eLIBRO
_f1992
_h84830
_i30315
_si
949 _a631.0913 I58
_bBC
_cLIBRO
_d33724000052791
_eLIBRO
_f1991
_h84147
_i30315
_si
949 _a631.0913 I58
_bBC
_cLIBRO
_d33724000052809
_eLIBRO
_f1990
_h80093
_i30315
_si
949 _a631.0913 I58
_bBC
_cLIBRO
_d33724000774832
_eLIBRO
_f1994
_h98261
_i30315
_sex
949 _a631.0913 I58
_bBC
_cLIBRO
_d33724000810800
_eLIBRO
_f1995
_h99268
_i30315
_sb
999 _c25243
_d25243